Turbo Typing Trial Quiz Stats

 Plays Quiz not verified by Sporcle

Also try: Typing Race II
Challenge
Share
Tweet
Score 0/120 Timer 01:00
1 Play Today
% Correct
RASP
74.3%
MOOR
64.6%
ROSE
61.8%
LOPE
61.4%
UPON
60.4%
BYTE
58.1%
TWOS
57.5%
RENT
57.3%
SEEK
56.9%
TASK
56.9%
OAFS
56.6%
COAX
56.6%
BLEW
56.5%
CHAD
56.5%
ROMP
56.2%
TUCK
56%
YELP
54.9%
WHEW
54.3%
ZERO
53.5%
LOAM
53%
ONCE
51.6%
GILD
49.2%
STAR
46.3%
SNOW
44.7%
RAKE
44.2%
HELP
43.5%
CHEW
43.5%
FUEL
41.7%
META
41.3%
MILK
41.3%
DUET
41.1%
LOVE
40.6%
LYNX
40.5%
HAUL
39.5%
CHIP
39.2%
SURE
38.9%
LUGE
38.8%
HIND
38.7%
LIEU
38.3%
RAIN
38.2%
% Correct
AXON
37.2%
PLAN
37.1%
MAST
37%
MINK
36.5%
FEET
35.6%
GALE
35.1%
JEER
34.7%
SNAG
33.9%
FLOG
33.5%
SOAR
33.5%
SCAB
33%
FANG
32.9%
YOGA
32.6%
SOOT
31.6%
DUST
31.6%
GOON
31.5%
GLUM
31.1%
KNIT
31%
OBOE
30.6%
DOZE
30.1%
CLOT
28.8%
FUSE
22.8%
TAXI
21.7%
DIVE
21.4%
SPIN
21.3%
LOST
20.9%
GOGO
20.7%
TORN
20.5%
MEGA
20.4%
ACID
20.3%
WIMP
19.9%
BACH
19.9%
OGLE
19.6%
SACK
19.4%
POOL
19.2%
AXLE
19.2%
DOER
19.2%
LONG
19.1%
DULL
19.1%
CITY
18.9%
% Correct
UNIT
18.7%
CLAP
18.7%
SAND
18.5%
LIES
18.4%
LASE
18.2%
VEST
18.1%
EACH
17.9%
HAZY
17.9%
SCUM
17.7%
LICE
17.6%
ABET
17.6%
WEEK
17.6%
RUBE
17.5%
LAZE
17.5%
RUIN
17.5%
BANG
17.4%
WOOF
17.3%
MUSH
17.3%
ATOP
17.2%
FLAK
17.1%
HUGE
17%
DESK
17%
TSKS
17%
NEON
16.8%
MOPY
16.7%
WANT
16.7%
SLED
16.6%
YANG
16.6%
CODA
16.4%
HEME
16.4%
USES
16.4%
WAXY
16.2%
OURS
15.8%
BIND
15.7%
CARP
15.4%
SLAP
15.4%
SOBA
15.2%
SCRY
15.1%
LEVY
14.1%
LOCK
13.9%

You're not logged in!

Compare scores with friends on all Sporcle quizzes.
OR
Log In

You Might Also Like...

Show Comments

Extras

Top Quizzes Today


Score Distribution

Your Account Isn't Verified!

In order to create a playlist on Sporcle, you need to verify the email address you used during registration. Go to your Sporcle Settings to finish the process.

Report this User

Report this user for behavior that violates our Community Guidelines.

Details: